| 000 | 00820nam a2200277Ia 4500 | ||
|---|---|---|---|
| 003 | OSt | ||
| 005 | 20221005023024.0 | ||
| 006 | a|||||r|||| 00| 0 | ||
| 007 | ta | ||
| 008 | 221004b |||||||| |||| 00| 0 eng d | ||
| 020 |
_a1861526059 (pbk) _c3539.38 |
||
| 024 | _a9119 | ||
| 037 |
_b96/2013-14, 24/02/2014, Pioneer Books Distributors _cTextual |
||
| 040 |
_aCRL _cCRL _beng |
||
| 041 |
_2eng _aeng |
||
| 082 | _aX:9, P1 | ||
| 100 | _aStorey John Ed. | ||
| 245 | 0 |
_aHuman resource management _b A critical text |
|
| 250 | _a2nd ed. | ||
| 260 |
_aAustralia _bThomson _c2001 |
||
| 300 |
_aix,373p. _ccm. |
||
| 490 | _aFYUP DC-1 COM | ||
| 650 | _aECONOMICS | ||
| 942 |
_hX:9, P1 _cTEXL _2cc |
||
| 999 |
_c930386 _d930386 |
||